Obras de Santa Catalina de Siena : el diálogo / [por] Santa Catalina de Siena ; introducción, traducción y notas de Angel Morta ; prólogo del Excmo y Rvdmo. Sr. Dr. Fr. Francisco Barbado Viejo, obispo de Salamanca

Збережено в:
Бібліографічні деталі
Автор: Santa Catalina de Siena (autor)
Формат: Книга
Серія:BAC. Nomral ; 143
Предмети:
Теги: Додати тег
Немає тегів, Будьте першим, хто поставить тег для цього запису!

MARC

LEADER 00000nam^a2200000^u^4500
001 000536703
005 20250521000000.0
008 060220s1000^^^^^^^^^^^^r^^^^^000^0^spa^d
009 20260310131043.509
035 |a FMI 000002663 
037 |a Acervo Xavier Clavigero 
096 |a 2.1/141/B 
100 |a Santa Catalina de Siena  |e (autor) 
245 1 0 |a Obras de Santa Catalina de Siena : el diálogo / [por] Santa Catalina de Siena ; introducción, traducción y notas de Angel Morta ; prólogo del Excmo y Rvdmo. Sr. Dr. Fr. Francisco Barbado Viejo, obispo de Salamanca 
264 |a Madrid : BAC, 1955 
300 |a xxxi, 663 p. 
336 |a texto  |b txt  |2 rdacontenido 
337 |a sin mediación  |b n  |2 rdamedio 
338 |a volumen  |b nc  |2 rdasoporte 
440 |a BAC. Nomral ; 143 
586 |a Doctores de la Iglesia: Nombramientos de 1963-1978 (San Paulo VI) 
649 |a XX 
650 |a COLECCION BAC (143) 
910 |a Fondo Francisco Migoya Covarrubias S.J. 
920 |a Impresos - Libros 
930 |a Fondos Especiales 
905 |a 134 
901 |a SBC07357  |b IT2  |c ESP  |u 20250521 
902 |a https://opac.biblio.iteso.mx/vufind/Record/000536703